|
|
|
|
| LEADER |
01733nam a2200337 a 4500 |
| 001 |
GR-MES12572 |
| 008 |
070629s gr 000 0 gre d |
| 020 |
|
|
|a 9601516476
|
| 040 |
|
|
|a GrPaTEI
|b gre
|c GR-PaULI
|
| 040 |
|
|
|a GrPaTEI
|b gre
|c GR-PaULI
|
| 082 |
|
0 |
|a 343.914
|2 21
|
| 245 |
0 |
0 |
|a Έμφυλη εγκληματικότητα :
|b Ποινική και εγκληματολογική προσέγγιση του φύλου ; Νέστωρ Ε. Κουράκης.
|
| 260 |
|
|
|a Αθήνα
|a Κομοτηνή :
|b Σάκκουλα,
|c 2006
|
| 300 |
|
|
|a 533σ. :
|b πιν. ;
|c 24εκ.
|
| 500 |
|
|
|a Με συμβολές των: Ελένης Αποσπόρη, Αθανασίας Συκιώτου, Φωτεινής Α. Μηλιώνη.
|
| 504 |
|
|
|a Περιλαμβάνει βιβλιογραφία.
|
| 650 |
|
4 |
|a Γυναικεία εγκληματικότητα
|
| 650 |
|
4 |
|a Γυναίκες
|x Σεξουαλική συμπεριφορά
|
| 650 |
|
4 |
|a Γυναίκες, κρατούμενες
|
| 650 |
|
4 |
|a Εγκληματικότητα
|x ενηλίκων
|
| 650 |
|
4 |
|a ΕΓΚΛΗΜΑΤΟΛΟΓΙΑ
|
| 650 |
|
4 |
|a ΘΥΜΑΤΑ ΕΓΚΛΗΜΑΤΩΝ
|
| 650 |
|
4 |
|a Παιδοκτονία
|
| 650 |
|
4 |
|a Σεξουαλική παρενόχληση
|
| 650 |
|
4 |
|a Σεξουαλική παρενόχληση στην εργασία
|
| 650 |
|
4 |
|a ΣΩΜΑΤΕΜΠΟΡΙΑ
|
| 700 |
1 |
|
|a Κουράκης, Νέστωρ Ε.
|
| 942 |
|
|
|2 ddc
|
| 952 |
|
|
|0 0
|1 0
|2 ddc
|4 0
|6 343_914000000000000_ΚΟΥ
|7 0
|9 271201
|a MSLG
|b MSLG
|c BSC
|d 2021-01-17
|e 24
|f 0
|g 0.00
|l 0
|o 343.914 ΚΟΥ
|p 2420000021989
|r 2021-01-17 00:00:00
|t 1
|w 2021-01-17
|y BK15
|x 20070629 0 ΤΣΑΝΤΑΡΛΙΩΤΗ 1
|x GrPaTEI
|
| 971 |
|
|
|a .b25786192
|b 15-04-20
|c 13-09-16
|
| 999 |
|
|
|c 156618
|d 156618
|